Geografia y agricultura : componentes de los espacios agrarios

Gespeichert in:
Bibliographische Detailangaben
1. Verfasser: Díaz Alvarez, José Ramón
Format: Buch
Sprache:Spanisch
Veröffentlicht: Cincel. 1983.
Schlagworte:
Tags: Tag hinzufügen
Keine Tags, Fügen Sie den ersten Tag hinzu!

MARC

LEADER 00000nam a22000005a 4500
001 7866
003 CL-ChBUA
005 20120815103043.0
008 070301s1983 sp 000 0 spa
020 |a 8470462954 
040 |a CL-ChBUA  |c CL-ChBUA 
082 0 0 |a 910 
090 |c 7866  |d 7866 
100 1 |a Díaz Alvarez, José Ramón. 
245 1 0 |a Geografia y agricultura :  |b componentes de los espacios agrarios 
260 |b Cincel.  |c 1983. 
300 |a 128 p.  |a mapas  |c 21 cm. 
504 |a Glosario, índice. 
650 4 |a GEOGRAFIA AGRARIA. 
942 |c LIB 
952 |0 0  |1 0  |4 0  |7 0  |9 11678  |a UNACH  |b UNACH  |c 900  |d 2007-03-05  |i 19.914.  |l 0  |o 910 / D 542.  |p 12677  |r 2014-11-17 00:00:00  |u 11678  |w 2012-08-08  |y LIB  |k 910 / D 542. 
999 |c 7866  |d 7866